| 000 | 00686nam a22002177a 4500 | ||
|---|---|---|---|
| 001 | 00028789 | ||
| 005 | 20260415105926.0 | ||
| 008 | 260415b ag ||||| |||| 00| 0 spa d | ||
| 020 | _a9789500729307 | ||
| 040 |
_aAR-CcCEOS _bspa _cAR-CcCEOS |
||
| 041 | _aspa | ||
| 080 | _a070.44 | ||
| 090 | _bYOF | ||
| 100 | 1 |
_aYofre, Juan Bautista, _d1946- _91057 |
|
| 245 |
_aNadie fue : _bCrónica, documentos y testimonios de los últimos meses, días y horas de Isabel Perón en el poder / _cJuan B. Yofre |
||
| 250 | _a2a ed. | ||
| 260 |
_aBuenos Aires : _bSudamericana, _c2008. |
||
| 300 |
_a464 p. ; _c23x16 cm. |
||
| 655 | 0 |
_ainvestigación periodística _91058 |
|
| 942 |
_2udc _cBK _n0 |
||
| 999 |
_c28824 _d28824 |
||